| 000 | 00644nam a2200241 a 4500 | ||
|---|---|---|---|
| 999 |
_c10483 _d10483 |
||
| 001 | 10483 | ||
| 003 | BD-JhCC | ||
| 005 | 20180430165346.0 | ||
| 008 | 180430s1967 usa |||| |||| 000 0 eng d | ||
| 020 | _a822008254 | ||
| 035 | _a(BD-JhCC)10483 | ||
| 040 |
_aBD-JhCC _dBD-JhCC |
||
| 041 | _aeng | ||
| 082 |
_a920.9008 _bJOH 1967 |
||
| 100 | _aJohnston, Brian | ||
| 245 |
_aMiddlemarch : _bnotes ... / _cBrian Johnston |
||
| 260 |
_aUSA : _bCliffs Notes, Inc. _c1966 |
||
| 300 |
_a108 p. : _c19 cm. |
||
| 504 | _aIncludes bibliography | ||
| 600 |
_aEliot, George, _d1819-1880 |
||
| 650 | _aMiddlemarch (Eliot, George) | ||
| 942 |
_2ddc _cBK |
||